| 000 | 00634nam a22002177a 4500 | ||
|---|---|---|---|
| 999 |
_c2697 _d2697 |
||
| 001 | 12441 | ||
| 003 | BD-DhUAP | ||
| 005 | 20200226185913.0 | ||
| 008 | 200226s2005 nyua|||| b||| 00| 0 eng d | ||
| 020 | _a8876242899 | ||
| 020 | _a9788876242892 | ||
| 040 |
_aBD-DhUAP _bEng _cBD-DhUAP _dBD-DhUAP |
||
| 082 |
_223 _a720.92 MOL |
||
| 100 | _aMolinari, Luca. | ||
| 245 |
_aMassimiliano Fuksas : _bWorks and projects 1970-2005 / _cLuca Molinari. |
||
| 260 |
_aMilan : _bSkira, _cc2005. |
||
| 300 |
_a288 pages : _billustrations ; _c28 cm. |
||
| 504 | _aIncludes bibliography. | ||
| 600 |
_aFuksas, Massimiliano, _d1944- |
||
| 942 |
_2ddc _cBK |
||